Normal view
MARC view
Entry Personal Name
001 - CONTROL NUMBER
- control field: 16067
003 - CONTROL NUMBER IDENTIFIER
- control field: BD-RjUL
005 - DATE AND TIME OF LATEST TRANSACTION
- control field: 20250716123812.0
008 - FIXED-LENGTH DATA ELEMENTS
- fixed length control field: 250716|| aca||aabn | a|a d
040 ## - CATALOGING SOURCE
- Original cataloging agency: BD-RjUL
- Transcribing agency: BD-RjUL
100 ## - HEADING--PERSONAL NAME
- Personal name: کاشميرى ، آغا حشر ;; kashmiri, agha hashar
670 ## - SOURCE DATA FOUND
- Source citation: Work cat.: (BD-RjUL)85222: کاشميرى ، آغا حشر ;; kashmiri, agha hashar, اسير حرص : ڈرامه / Asīr-i ḥirṣ : ḍrāmah /, 1954